| 000 | 00696nam a22001817a 4500 | ||
|---|---|---|---|
| 003 | OSt | ||
| 005 | 20250902142126.0 | ||
| 008 | 240820b ||||| |||| 00| 0 eng d | ||
| 040 | _c0 | ||
| 082 | _aDPer 364.05 J826 Summer-Fall 2019 v. 109 n. 3-4 | ||
| 100 |
_aJouet, Mugambi. _eauthor. _958537 |
||
| 245 |
_aMass incarceration paradigm shift? : _bConvergence in an age of divergence / _cMugambi Jouet. |
||
| 260 |
_aEvanston ; _bNorthwestern University Press , _cFall 2019. |
||
| 300 |
_aVolume 109, pages 703-768 ; _c26 cm. |
||
| 500 | _aThe Journal of Criminal Law and Criminology, vol. 109, no. 4, pages 703-768, Fall 2019. | ||
| 700 |
_aJouet, Mugambi. _eauthor. _958537 |
||
| 942 |
_2ddc _cPER |
||
| 999 |
_c20722 _d20722 |
||